000 00349nam a2200145Ia 4500
008 230917s9999||||xx |||||||||||||| ||und||
040 _e125979
_aMAIN
041 _aEnglish
082 _a515 T159A
100 _aTao, Terence
245 0 _aAnalysis I
260 _aNew Delhi
_bHindustan Book Agency
_c2006
300 _a388p p. + 1xp
942 _cBK
999 _c148525
_d148525